000 00775cam a2200289I 4500
001 4623839
003 ARRUPE
005 20141126145550.0
008 720817s1960 nyu 000 0 eng c
010 _a60007788
035 _a(OCoLC)ocm00384297
035 _a(NNC)4623839
040 _aWSU
_cWSU
_dOCL
041 1 _aeng
_hfre
050 _aBV5091.C7
_bM313
098 _aGS6
100 1 _aMaritain, Jacques,
_d1882-1973.
_91321
245 1 0 _aLiturgy and contemplation.
260 _aNew York,
_bP.J. Kenedy
_c[1960]
300 _a96 p.;
_c21cm.
504 _aIncludes bibliography.
610 2 0 _aCatholic Church
_xLiturgy.
_912881
650 0 _aContemplation.
_97213
700 1 _aMaritain, Raïssa,
_eauthor.
_912882
942 _2lcc
_cMONOGRAPH
999 _c121329
_d121329